Organizar y conducir la escuela : (Record no. 146643)

MARC details
000 -CABECERA
campo de control de longitud fija 00689nam a2200205 u 4500
005 - FECHA Y HORA DE LA ÚLTIMA TRANSACCIÓN
campo de control 20251023063922.0
008 - ELEMENTOS DE LONGITUD FIJA--INFORMACIÓN GENERAL
campo de control de longitud fija 100209s19962004 r 000 0 eng d
020 ## - NÚMERO INTERNACIONAL NORMALIZADO PARA LIBROS
Número Internacional Estándar del Libro 9501232514
035 ## - NÚMERO DE CONTROL DEL SISTEMA
Número de control de sistema UPN01000174539
049 ## - COLECCIÓN
Colección CG
050 #4 - SIGNATURA TOPOGRÁFICA DE LA BIBLIOTECA DEL CONGRESO
Número de clasificación LB2898.21
Número de documento/Ítem O7.3
245 00 - MENCIÓN DE TÍTULO
Título Organizar y conducir la escuela :
Resto del título reflexiones de cinco directores y un asesor /
Mención de responsabilidad, etc. Aldo Schlemenson ... [et al.].
260 ## - PUBLICACIÓN, DISTRIBUCIÓN, ETC.
Lugar de publicación, distribución, etc. Buenos Aires :
Nombre del editor, distribuidor, etc. Paidos,
Fecha de publicación, distribución, etc. 1996 (2004 impr.).
300 ## - DESCRIPCIÓN FÍSICA
Extensión 219 p.
440 #0 - MENCIÓN DE SERIE/ASIENTO SECUNDARIO--TÍTULO
Título Grupos e instituciones ;
Designación de volumen o secuencia 51
650 #4 - ASIENTO SECUNDARIO DE MATERIA - TERMINO TEMATICO
Término de materia o nombre geográfico como elemento de entrada ESCUELAS -
Subdivisión general DIRECCION Y ORGANIZACION -
Subdivisión geográfica ARGENTINA
9 (RLIN) 6565
650 #4 - ASIENTO SECUNDARIO DE MATERIA - TERMINO TEMATICO
Término de materia o nombre geográfico como elemento de entrada Administración educativa
9 (RLIN) 498
700 1# - ASIENTO SECUNDARIO--NOMBRE DE PERSONAL
Nombre de persona Schlemenson, Aldo,
Término indicativo de función/relación coaut.
905 ## - TIPO DE MATERIAL
Tipo de material Libro
Holdings
Estado de retiro Estado de pérdida Fuente del sistema de clasificación o colocación Estado dañado No para préstamo Código de colección Localización permanente Ubicación/localización actual Ubicación en estantería Total de préstamos Clasificación Código de barras Fecha visto por última vez Número de copia Tipo de ítem Koha
    Library of Congress Classification     Colección General Bib. Gregorio Torres Quintero Bib. Gregorio Torres Quintero Planta baja 4 LB2898.21 O7.3 272068 31/12/2020 1 Libro